000 00427nam a2200181Ia 4500
005 20250326144213.0
008 250326s9999 xx 000 0 und d
037 _aTextbook
040 _aFMSL
_beng
_cFMSL
041 _aeng
_2eng
084 _qFMSL
100 _aHansen A H
245 0 _aGuide to keynes
_cHansen A H
260 _aNY
_bNY, M G H
_c1967
300 _a237p
942 _cTB
999 _c1302777
_d1302777